AUDITING PRINCIPLES AND PRACTICE (Record no. 216868)

MARC details
000 -LEADER
fixed length control field 00471nam a22001817a 4500
008 - FIXED-LENGTH DATA ELEMENTS--GENERAL INFORMATION
fixed length control field 260324b |||||||| |||| 00| 0 eng d
020 ## - INTERNATIONAL STANDARD BOOK NUMBER
International Standard Book Number 978-81-203-5096-4
050 ## - LIBRARY OF CONGRESS CALL NUMBER
Classification number HF 5667. K86 2025
100 ## - MAIN ENTRY--PERSONAL NAME
Personal name RAVINDER KUMAR
245 ## - TITLE STATEMENT
Title AUDITING PRINCIPLES AND PRACTICE
250 ## - EDITION STATEMENT
Edition statement 3rd
260 ## - PUBLICATION, DISTRIBUTION, ETC.
Place of publication, distribution, etc. DELHI
Name of publisher, distributor, etc. PHI LEARNING PRIVATE LIMITED
Date of publication, distribution, etc. 2025
300 ## - PHYSICAL DESCRIPTION
Extent X,556
500 ## - GENERAL NOTE
General note INCLUDES AN INDEX
650 ## - SUBJECT ADDED ENTRY
Topical term or geographic name entry element Auditing
942 ## - ADDED ENTRY ELEMENTS (KOHA)
Source of classification or shelving scheme Library of Congress Classification
Koha item type Long Loan Book
Holdings
Withdrawn status Lost status Source of classification or shelving scheme Damaged status Not for loan Collection Home library Current library Shelving location Date acquired Inventory number Total checkouts Full call number Barcode Date last seen Copy number Price effective from Koha item type
    Library of Congress Classification     Business & Economics Kisii University Library Kisii University Library On Display 03/24/2026 112539   HF 5667. K86 2025 A000435 03/24/2026 C.4 03/24/2026 Long Loan Book
    Library of Congress Classification     Business & Economics Kisii University Library Kisii University Library On Display 03/24/2026 112538   HF 5667. K86 2025 A000434 03/24/2026 C.3 03/24/2026 Long Loan Book
    Library of Congress Classification     Business & Economics Kisii University Library Kisii University Library On Display 03/24/2026 112537   HF 5667. K86 2025 A000433 03/24/2026 C.2 03/24/2026 Long Loan Book
    Library of Congress Classification     Business & Economics Kisii University Library Kisii University Library On Display 03/24/2026 112536   HF 5667. K86 2025 A000432 03/24/2026 C.1 03/24/2026 Long Loan Book